Leader xxxxxxxxxx
001 __ PCLIS00053432
005 __ 20210609133322.0
010 0_ |a978-957-13-7847-3|b平裝|dNT$380
042 __ |anbic
100 __ |a20191030d2019 m y0chiy09 e
101 0_ |achi
102 __ |atw
105 __ |aa z 000yy
200 1_ |a古裝穿搭研究室|e超乎你想像的中國服飾史|f龔元之著
205 __ |a初版
210 __ |a臺北市|c時報|d2019[民108]
215 0_ |a314面|c部分彩圖|d21公分
225 12 |aHistory|v042
517 1_ |a超乎你想像的中國服飾史|zchi
606 __ |2cst|a服飾
606 __ |2cst|a文化史
607 __ |2cst|a中國
681 __ |a538.182|b8256
700 _1 |a龔|b元之|4著
801 _0 |atw|bLibDipper|c20191030|gCCR
801 _1 |atw|b內湖高中|c20191105|gCCR
801 _2 |atw|b內湖高中|c20191105|gCCR
|